000 004120000a22001570004500
001 000173
003 MACL
040 _aMACL
090 _c173
_d173
100 _aIyer, Venkata
245 _aHow To develop A Powerful And Positive Personality
_bA guide To Step By Step Personality Development
_cVenkata Iyer
260 _aSterling Publishers,
_c1999
350 _a95
650 _aPsychology
942 _k155
_cBook
999 _c49480
_d49480